Top 10 Things Kids Stick Up Their Noses Quiz Stats

 Plays Quiz Updated Jun 15, 2015

Also try: Cereal in Milk!
Challenge
Share
Tweet
Embed
Score 0/10 Timer 02:00
3 Plays Today
Nose-Friendly Item % Correct
Fingers
84.3%
Crayons
77.6%
Lego
55.3%
Beans and Peas
38.7%
Tissues
35.1%
Marbles
28.7%
Beads
18.8%
Cheerios
16.8%
Spaghetti
13.9%
French Fries
13%

You're not logged in!

Compare scores with friends on all Sporcle quizzes.
Join for Free
OR
Log In

You Might Also Like...

Show Comments

Extras

Top Quizzes Today


Score Distribution

Your Account Isn't Verified!

In order to create a playlist on Sporcle, you need to verify the email address you used during registration. Go to your Sporcle Settings to finish the process.

Report this User

Report this user for behavior that violates our Community Guidelines.

Details: